[Event "Top 16 Groupe B"]
[Site "Chartres, France"]
[Date "2024.06.03"]
[Round "5.19"]
[White "Fantinel, Thibault"]
[Black "Lagarde, Maxime"]
[Result "0-1"]
[WhiteElo "2406"]
[BlackElo "2622"]
[PlyCount "80"]
[EventDate "2024.??.??"]

1. e4 {2} c5 {3} 2. Nf3 {5} Nc6 {3} 3. d4 {31} cxd4 {7} 4. Nxd4 {3} Nf6 {143}
5. Nc3 {18} d6 {28} 6. Bg5 {30} e6 {30} 7. Qd2 {30} Be7 {22} 8. O-O-O {100} a6
{31} 9. Bxf6 {62} gxf6 {8} 10. f4 {4} Nxd4 {36} 11. Qxd4 {4} Qa5 {35} 12. Kb1 {
265} Bd7 {66} 13. Be2 {383} O-O-O {707} 14. f5 {486} h5 {120} 15. Bf3 {146} Kb8
{168} 16. Ne2 {326} Bc6 {593} 17. Qd3 {245} Qe5 {226} 18. Nd4 {242} Bd7 {26}
19. Qb3 {191} Rc8 {150} 20. Rd3 {578} Rc5 21. Rhd1 {237} Rhc8 {1008} 22. Bxh5 {
592} Rc4 {301} 23. Bxf7 {618} d5 {113} 24. exd5 {862} Ba4 {586} 25. Bxe6 {675}
Bxb3 {297} 26. axb3 {3} R4c7 {263} 27. Nf3 {186} Qd6 {4} 28. Bxc8 {2} Rxc8 {6}
29. Re1 {22} Bd8 {82} 30. g3 {72} Qc5 {188} 31. Re2 {5} Bc7 {24} 32. c4 {64} a5
{91} 33. Re6 {52} Bd6 {345} 34. Re4 {52} Qf2 {117} 35. Ka2 {23} a4 {64} 36.
bxa4 {44} Qc2 {13} 37. Ne1 {33} Qxa4+ {26} 38. Kb1 {1} Rxc4 {42} 39. b3 {4}
Rc1+ {47} 40. Kxc1 {10} Qxe4 {5} 0-1

[Event "Top 16 Groupe B"]
[Site "Chartres, France"]
[Date "2024.06.03"]
[Round "5.20"]
[White "Dardha, Daniel"]
[Black "Heinz, Timothee"]
[Result "1-0"]
[WhiteElo "2650"]
[BlackElo "2349"]
[PlyCount "53"]
[EventDate "2024.??.??"]

1. c4 {12} c6 {11} 2. e4 {114} d5 {11} 3. exd5 {6} cxd5 {4} 4. d4 {7} Nf6 {21}
5. Nf3 {23} Nc6 {25} 6. h3 {56} g6 {180} 7. c5 {89} Bg7 {47} 8. Bb5 {19} Qa5+ {
696} 9. Nc3 {6} Ne4 {5} 10. a4 {113} Nxc3 {351} 11. bxc3 {97} O-O {69} 12. O-O
{88} e5 {579} 13. Bxc6 {543} bxc6 {40} 14. Nxe5 {242} Bxe5 {96} 15. dxe5 {39}
Qxc3 {57} 16. Be3 {412} Qxe5 {169} 17. Bd4 {338} Qf4 {181} 18. Ra3 {139} Re8 {
1049} 19. Rf3 {234} Qh6 {74} 20. Bc3 {410} Qh4 {97} 21. Qd2 {103} d4 {235} 22.
Bxd4 {373} Rd8 {858} 23. Rf4 {35} Qh5 {79} 24. Qe3 {191} Be6 {75} 25. g4 {137}
Qh6 {94} 26. Ba1 {160} Rd3 {322} 27. Qe5 {36} 1-0

[Event "Top 16 Groupe B"]
[Site "Chartres, France"]
[Date "2024.06.03"]
[Round "5.21"]
[White "Godart, Francois"]
[Black "Bauer, Christian"]
[Result "1/2-1/2"]
[WhiteElo "2382"]
[BlackElo "2572"]
[PlyCount "23"]
[EventDate "2024.??.??"]

1. c4 {6} e5 {100} 2. Nf3 {26} e4 {74} 3. Nd4 {5} Nc6 {98} 4. e3 {7} Nf6 {521}
5. Nc3 {10} Bb4 {31} 6. Qb3 {38} a5 {309} 7. a3 {68} Bc5 {192} 8. Nde2 {56} O-O
{950} 9. Ng3 {39} d6 {400} 10. Qc2 {650} Re8 {188} 11. b3 {130} Qe7 {333} 12.
Bb2 {478} 1/2-1/2

[Event "Top 16 Groupe B"]
[Site "Chartres, France"]
[Date "2024.06.03"]
[Round "5.22"]
[White "Droin, Augustin"]
[Black "Dionisi, Thomas"]
[Result "1-0"]
[WhiteElo "2476"]
[BlackElo "2396"]
[PlyCount "75"]
[EventDate "2024.??.??"]

1. e4 {2} e5 {5} 2. Nf3 {4} Nc6 {3} 3. Bb5 {4} a6 {6} 4. Ba4 {5} Nf6 {6} 5. O-O
{45} Nxe4 {20} 6. d4 {20} b5 {18} 7. Bb3 {4} d5 {6} 8. dxe5 {52} Be6 {9} 9. a4
{227} b4 {492} 10. Be3 {164} Be7 {276} 11. a5 {304} O-O {54} 12. Nbd2 {59} Nc5
{304} 13. Nd4 {1887} Nxd4 {863} 14. Bxd4 {262} Qc8 {4} 15. Ba2 {73} Nb7 {640}
16. f4 {22} c5 {229} 17. Bf2 {17} f5 {338} 18. Nb3 {223} Qc6 {180} 19. c3 {130}
bxc3 {1032} 20. bxc3 {4} Rad8 {41} 21. Qf3 {84} Qa4 {155} 22. Rfb1 {249} Rd7 {
183} 23. Nd2 {97} Nxa5 {388} 24. Bb3 {502} Nxb3 {6} 25. Rxa4 {3} Nxd2 {4} 26.
Qd3 {3} Nxb1 {12} 27. Qxb1 {3} Ra8 {199} 28. Qb6 {21} Kf7 {4} 29. Bxc5 {65}
Bxc5+ {120} 30. Qxc5 {8} Raa7 {4} 31. Qa3 {59} Rdc7 {62} 32. Rxa6 {6} Rxa6 {9}
33. Qxa6 {3} Rxc3 {119} 34. Qb7+ {3} Ke8 {207} 35. Qxg7 {124} d4 {1} 36. Qh8+ {
14} Kd7 {10} 37. Qb8 {75} Rc7 {27} 38. Qb6 {20} 1-0

[Event "Top 16 Groupe B"]
[Site "Chartres, France"]
[Date "2024.06.03"]
[Round "5.23"]
[White "Chabanon, Jean-Luc"]
[Black "Guliyev, Namig"]
[Result "0-1"]
[WhiteElo "2400"]
[BlackElo "2483"]
[PlyCount "64"]
[EventDate "2024.??.??"]

1. d4 {9} d5 {9} 2. c4 {17} dxc4 {13} 3. e3 {7} Nf6 {168} 4. Bxc4 {193} e6 {14}
5. Nf3 {41} c5 {25} 6. O-O {50} a6 {35} 7. Be2 {124} cxd4 {124} 8. exd4 {159}
Nc6 {218} 9. Nc3 {129} Be7 {83} 10. Bf4 {658} b5 {103} 11. Rc1 {1573} Bb7 {274}
12. Bd3 {354} O-O {85} 13. Bb1 {3} Rc8 {114} 14. Re1 {278} Nb4 {308} 15. Be5 {
130} Qd7 {204} 16. a3 {288} Nbd5 {95} 17. Qd3 {283} g6 {214} 18. Qd2 {425} Nxc3
{73} 19. Rxc3 {104} Rxc3 {90} 20. Qxc3 {5} Rc8 {192} 21. Qe3 {13} Ng4 {146} 22.
Qf4 {105} Bxf3 {26} 23. gxf3 {52} Nxe5 {35} 24. dxe5 {193} Rc4 {73} 25. Be4 {88
} Qd4 {143} 26. b4 {249} Rc3 {150} 27. Rc1 {174} Bh4 {35} 28. Kg2 {102} Qxf2+ {
163} 29. Kh3 {3} g5 {51} 30. Rxc3 {445} gxf4 {35} 31. Rc8+ {49} Kg7 {7} 32. Rc2
{5} Qe1 {12} 0-1

[Event "Top 16 Groupe B"]
[Site "Chartres, France"]
[Date "2024.06.03"]
[Round "5.24"]
[White "Daulyte-Cornette, Deimante"]
[Black "Sterpu, Constanta-Andreea"]
[Result "1-0"]
[WhiteElo "2381"]
[BlackElo "1949"]
[PlyCount "95"]
[EventDate "2024.??.??"]

1. e4 {2} d5 {13} 2. exd5 {8} Qxd5 {4} 3. Nc3 {12} Qd8 {8} 4. d4 {29} g6 {8} 5.
Nf3 {69} Bg7 {10} 6. Bf4 {251} Nf6 {42} 7. Qd2 {26} O-O {43} 8. Bc4 {174} a6 {
52} 9. a4 {47} Nc6 {276} 10. d5 {315} Nb4 {44} 11. O-O {41} Nh5 {1131} 12. Bh6
{561} c6 {407} 13. Bxg7 {107} Kxg7 {230} 14. Rad1 {792} Nxd5 {1031} 15. Bxd5 {
116} cxd5 {40} 16. Nxd5 {5} Be6 {212} 17. Qc3+ {88} Kg8 {402} 18. Nc7 {961} Qc8
{129} 19. Nxa8 {17} Qxc3 {6} 20. bxc3 {3} Rxa8 {5} 21. Rfe1 {24} Re8 {449} 22.
Nd4 {505} Bd7 {547} 23. a5 {21} Nf4 {839} 24. Rb1 {125} e5 {105} 25. g3 {711}
Nh3+ {105} 26. Kg2 {12} Ng5 {9} 27. f4 {52} exd4 {29} 28. Rxe8+ {27} Bxe8 {6}
29. fxg5 {8} dxc3 {12} 30. Rb3 {13} Bc6+ {6} 31. Kf2 {9} Kg7 {14} 32. Ke3 {127}
f6 {18} 33. Rxc3 {364} fxg5 {45} 34. Rxc6 {63} bxc6 {5} 35. Kd4 {2} Kf6 {110}
36. Kc5 {4} Ke5 {28} 37. c4 {103} Kf5 {89} 38. Kxc6 {30} Kg4 {4} 39. c5 {12}
Kh3 {5} 40. Kd5 {27} h5 {43} 41. c6 {14} g4 {177} 42. c7 {10} Kxh2 {4} 43. c8=Q
{11} Kxg3 {19} 44. Qxa6 {26} h4 {252} 45. Qxg6 {36} h3 {35} 46. a6 {21} h2 {92}
47. Qe4 {7} Kf2 {116} 48. Qf4+ {18} 1-0

[Event "Top 16 Groupe B"]
[Site "Chartres, France"]
[Date "2024.06.03"]
[Round "5.25"]
[White "Korobov, Anton"]
[Black "Naiditsch, Arkadij"]
[Result "1/2-1/2"]
[WhiteElo "2651"]
[BlackElo "2661"]
[PlyCount "113"]
[EventDate "2024.??.??"]

1. e4 {2} c5 {9} 2. Nf3 {5} d6 {11} 3. d4 {13} cxd4 {6} 4. Nxd4 {6} Nf6 {6} 5.
Nc3 {8} a6 {6} 6. Be3 {81} e5 {23} 7. Nb3 {64} Be6 {9} 8. f3 {11} Nbd7 {20} 9.
g4 {29} Nb6 {15} 10. g5 {48} Nh5 {39} 11. Qd2 {72} Rc8 {11} 12. O-O-O {37} Be7
{11} 13. Rg1 {84} O-O {205} 14. Kb1 {228} Qc7 {44} 15. Nd5 {678} Nxd5 {165} 16.
exd5 {13} Bf5 {14} 17. Bd3 {10} Bg6 {190} 18. Qe2 {442} Bd8 {366} 19. Nd2 {306}
b5 {100} 20. Bxg6 {427} fxg6 {88} 21. Ne4 {37} Qb8 {33} 22. Rg4 {395} Bb6 {665}
23. Bc1 {132} Rf7 {57} 24. Ng3 {209} Nf4 {732} 25. Bxf4 {22} exf4 {6} 26. Ne4 {
4} Be3 {67} 27. Rg2 {204} Rc4 {834} 28. h4 {388} Rxe4 {790} 29. fxe4 {10} Qe8 {
12} 30. Qf3 {413} Re7 {22} 31. Rh2 {209} Rxe4 {40} 32. h5 {21} Re5 {211} 33.
Qg4 {241} gxh5 {1011} 34. Rxh5 {17} Re7 {421} 35. a3 {451} Qd7 {113} 36. Qh4 {
32} g6 {22} 37. Rh6 {1} Rg7 {145} 38. Rh1 {84} f3 {16} 39. Qg3 {324} Rf7 {16}
40. Rf1 {126} Qf5 {48} 41. Qxd6 {677} Bxg5 {192} 42. Rhh1 {10} Kg7 {319} 43.
Rd1 {325} f2 {281} 44. Qb6 {101} Qe5 {214} 45. d6 {115} Be3 {575} 46. Qxa6 {176
} Bd4 {95} 47. Qc8 {227} Bxb2 {159} 48. Qh3 {259} Ba1 {33} 49. Qxh7+ {74} Kf8 {
2} 50. Qh6+ {37} Ke8 {166} 51. d7+ {162} Kd8 {2} 52. c3 {134} Bxc3 {114} 53.
Qxg6 {23} Qf5+ {46} 54. Qxf5 {51} Rxf5 {2} 55. Kc2 {51} Rf3 {35} 56. Rhf1 {167}
Be1 {29} 57. Rfxe1 {16} 1/2-1/2

[Event "Top 16 Groupe B"]
[Site "Chartres, France"]
[Date "2024.06.03"]
[Round "5.26"]
[White "Bacrot, Etienne"]
[Black "Grandelius, Nils"]
[Result "1/2-1/2"]
[WhiteElo "2684"]
[BlackElo "2664"]
[PlyCount "38"]
[EventDate "2024.??.??"]

1. e4 {526} c5 {19} 2. Nf3 {5} d6 {25} 3. Bc4 {6} Nf6 {63} 4. d3 {6} Nc6 {44}
5. O-O {91} g6 {328} 6. c3 {148} Bg7 {6} 7. Re1 {5} O-O {10} 8. a4 {5} d5 {337}
9. exd5 {14} Nxd5 {7} 10. a5 {56} Rb8 {1397} 11. Qa4 {360} Nc7 {89} 12. Bf4 {
497} Bd7 {85} 13. Qd1 {324} b6 {116} 14. axb6 {14} axb6 {4} 15. Na3 {186} Rb7 {
630} 16. h3 {418} Na5 {856} 17. Ba2 {169} Nc6 {402} 18. Bc4 {879} Na5 {16} 19.
Ba2 {183} Nc6 {17} 1/2-1/2

[Event "Top 16 Groupe B"]
[Site "Chartres, France"]
[Date "2024.06.03"]
[Round "5.27"]
[White "Salgado Lopez, Ivan"]
[Black "Ragger, Markus"]
[Result "1/2-1/2"]
[WhiteElo "2608"]
[BlackElo "2601"]
[PlyCount "28"]
[EventDate "2024.??.??"]

1. g3 {4} c5 {135} 2. c4 {17} Nf6 {58} 3. Bg2 {37} Nc6 {20} 4. Nc3 {157} e6 {12
} 5. d3 {571} d5 {510} 6. Bg5 {63} Be7 {156} 7. Qd2 {412} Ng8 {1144} 8. Bxe7 {
1218} Ngxe7 {19} 9. Nf3 {7} d4 {294} 10. Na4 {26} b6 {18} 11. O-O {20} Bd7 {407
} 12. a3 {321} a5 {98} 13. e3 {103} Rb8 {352} 14. exd4 {277} Nxd4 {229} 1/2-1/2

[Event "Top 16 Groupe B"]
[Site "Chartres, France"]
[Date "2024.06.03"]
[Round "5.28"]
[White "Fressinet, Laurent"]
[Black "Velten, Paul"]
[Result "1/2-1/2"]
[WhiteElo "2633"]
[BlackElo "2488"]
[PlyCount "83"]
[EventDate "2024.??.??"]

1. d4 {59} d5 {52} 2. c4 {14} dxc4 {37} 3. Nf3 {8} Nf6 {114} 4. e3 {20} a6 {33}
5. Bxc4 {18} e6 {11} 6. O-O {15} c5 {40} 7. dxc5 {13} Bxc5 {36} 8. Qxd8+ {17}
Kxd8 {7} 9. Nbd2 {35} Ke7 {336} 10. Be2 {38} Bd7 {95} 11. b3 {106} Bb5 {515}
12. Nc4 {19} Nbd7 {916} 13. Bb2 {78} Bxc4 {82} 14. Bxc4 {456} Rhc8 {37} 15.
Rfc1 {906} Rc7 {30} 16. Kf1 {238} Rac8 {49} 17. Bd3 {304} g6 {150} 18. a3 {707}
Bd6 {346} 19. Rxc7 {321} Rxc7 {20} 20. Rc1 {264} Rxc1+ {530} 21. Bxc1 {8} Ne5 {
54} 22. Be2 {402} Nxf3 {46} 23. Bxf3 {302} b6 {15} 24. b4 {89} a5 {276} 25.
bxa5 {178} bxa5 {5} 26. g3 {83} Nd7 {50} 27. Be2 {43} Nb6 {147} 28. Ke1 {242}
Bc5 {83} 29. Kd2 {135} Kd6 {65} 30. Kc3 {98} f5 {41} 31. g4 {495} h6 {423} 32.
gxf5 {187} gxf5 {54} 33. Bd3 {112} h5 {295} 34. h3 {98} Ke7 {60} 35. Kd2 {54}
Kf6 {53} 36. Ke2 {149} e5 {47} 37. Bb5 {33} a4 {93} 38. Bb2 {103} Ke6 {20} 39.
f3 {78} h4 {41} 40. Bc1 {49} e4 {725} 41. Ba6 {316} Kd6 {128} 42. fxe4 {
Kd5 528 21} 1/2-1/2

[Event "Top 16 Groupe B"]
[Site "Chartres, France"]
[Date "2024.06.03"]
[Round "5.29"]
[White "David, Alberto"]
[Black "Maze, Sebastien"]
[Result "1-0"]
[WhiteElo "2509"]
[BlackElo "2561"]
[PlyCount "99"]
[EventDate "2024.??.??"]

1. e4 {5} c5 {34} 2. Nf3 {7} Nc6 {14} 3. Bb5 {26} e6 {40} 4. Bxc6 {58} bxc6 {11
} 5. b3 {20} Ne7 {607} 6. d3 {910} Ng6 {492} 7. h4 {357} h5 {23} 8. e5 {49} f6
{29} 9. Qe2 {270} Nxe5 {1031} 10. Nxe5 {28} fxe5 {2} 11. Bg5 {91} Qc7 {6} 12.
Nd2 {86} d6 {328} 13. O-O {272} Be7 {656} 14. Ne4 {258} Ba6 {20} 15. f4 {731}
d5 {167} 16. Bxe7 {47} dxe4 {9} 17. Bxc5 {107} exd3 {56} 18. cxd3 {123} O-O-O {
31} 19. Qxe5 {58} Bxd3 {152} 20. Qxe6+ {613} Qd7 {33} 21. Rfe1 {68} Rh6 {1046}
22. Qxd7+ {213} Rxd7 {7} 23. Re8+ {147} Kb7 {103} 24. Rd1 {226} Rg6 {137} 25.
Re3 {220} Bf5 {2} 26. Rxd7+ {11} Bxd7 {2} 27. Re7 {8} Kc8 {1} 28. Bxa7 {53} Rg4
{109} 29. Bf2 {551} Rxf4 {15} 30. Rxg7 {5} Re4 {49} 31. a4 {99} Bg4 {384} 32.
a5 {362} Be2 {7} 33. Bg3 {26} Rg4 {54} 34. Rc7+ {251} Kd8 35. Bd6 {43} Bb5 {82}
36. Ra7 {34} Rd4 {61} 37. Be5 {46} Re4 {97} 38. Bf6+ {20} Kc8 {23} 39. Rh7 {44}
Be2 {106} 40. Bg5 {40} Kb8 {75} 41. Kf2 {28} Bg4 {72} 42. Be3 {74} Re8 {97} 43.
a6 {141} Ka8 {21} 44. b4 {403} Rf8+ {103} 45. Ke1 {422} Rg8 {54} 46. Kd2 {136}
Rd8+ {18} 47. Kc3 {40} Be2 {163} 48. Bb6 {195} Rg8 {19} 49. Kd4 {49} Rg4+ {208}
50. Kc5 {91} 1-0

[Event "Top 16 Groupe B"]
[Site "Chartres, France"]
[Date "2024.06.03"]
[Round "5.30"]
[White "Rodshtein, Maxim"]
[Black "Bournel, Antoine"]
[Result "1-0"]
[WhiteElo "2593"]
[BlackElo "2324"]
[PlyCount "119"]
[EventDate "2024.??.??"]

1. Nf3 {11} d5 {464} 2. g3 {56} Nf6 {139} 3. Bg2 {20} c5 {42} 4. O-O {72} e6 {
92} 5. c4 {97} d4 {39} 6. e3 {103} Nc6 {49} 7. d3 {162} Bd6 {404} 8. exd4 {640}
cxd4 {44} 9. Nbd2 {50} a5 {599} 10. Ng5 {1039} Be7 {401} 11. f4 {426} h6 {333}
12. Nge4 {182} Nh7 {189} 13. c5 {180} O-O {606} 14. Nc4 {57} Nf6 {161} 15.
Nxf6+ {172} Bxf6 {73} 16. Bd2 {14} Be7 {129} 17. Qh5 {784} Nb4 {228} 18. a3 {
950} Nd5 {684} 19. Bxd5 {178} exd5 {145} 20. Nb6 {11} Ra6 {62} 21. b4 {135}
axb4 {378} 22. axb4 {5} Rxb6 {47} 23. cxb6 {6} Qxb6 {32} 24. Qxd5 {69} Rd8 {241
} 25. Qe4 {108} Bf8 {126} 26. f5 {245} Bd7 {137} 27. Rfe1 {169} Bc6 {121} 28.
Qg4 {118} Kh7 {53} 29. Re5 {118} Bd5 {130} 30. Rae1 {99} Qc6 {55} 31. Rc1 {33}
Qb6 {45} 32. Qe2 {37} Qb5 {73} 33. f6 {27} g6 {46} 34. g4 {55} Qd7 {34} 35. h3
{18} b6 {23} 36. Qf2 {31} Ba8 {31} 37. Bf4 {12} g5 {33} 38. Bg3 {60} Qb7 {26}
39. Re4 {27} Qa6 {35} 40. Qf5+ {32} Kg8 {23} 41. Re2 {197} Bxb4 {496} 42. Kh2 {
624} Bf8 {220} 43. h4 {88} gxh4 {67} 44. Bxh4 {39} Qb7 {237} 45. Rg1 {191} Rd5
{131} 46. Qf2 {355} Qc7+ {159} 47. Bg3 {35} Qd8 {54} 48. Re5 {124} Rc5 {356}
49. g5 {71} Kh8 {258} 50. gxh6 {183} Rc6 {46} 51. Rg5 {48} Qc8 {121} 52. Qf5 {
175} Rc2+ {20} 53. Kh3 {2} Bb7 {39} 54. Qxc8 {73} Bxc8+ {7} 55. Kh4 Kh7 {49}
56. Be5 {58} Be6 {37} 57. Rh5 {35} Rf2 {28} 58. Rg7+ {15} Kh8 {7} 59. h7 {7}
Bxg7 {52} 60. fxg7# {2} 1-0

[Event "Top 16 Groupe B"]
[Site "Chartres, France"]
[Date "2024.06.03"]
[Round "5.31"]
[White "Lucas, Arthur"]
[Black "Le Roux, Jean-Pierre"]
[Result "1-0"]
[WhiteElo "2323"]
[BlackElo "2473"]
[PlyCount "141"]
[EventDate "2024.??.??"]

1. e4 {5} c5 {248} 2. Nf3 {11} Nc6 {30} 3. Bc4 {24} Nf6 {295} 4. e5 {19} d5 {
242} 5. Bb5 {21} Ng8 {9} 6. Bxc6+ {349} bxc6 {18} 7. d3 {3} Bg4 {339} 8. h3 {
126} Bxf3 {54} 9. Qxf3 {5} e6 {2} 10. O-O {638} Ne7 {206} 11. b3 {179} Ng6 {511
} 12. Bb2 {13} Be7 {33} 13. Nd2 {103} Bg5 {287} 14. Qd1 {1230} O-O {356} 15.
Nf3 {167} Be7 {118} 16. Qe2 {157} Qb6 {360} 17. g3 {407} Rae8 {471} 18. h4 {73}
f5 {616} 19. exf6 {40} Bxf6 {81} 20. Bxf6 {102} gxf6 {55} 21. h5 {300} Nh8 {7}
22. Rae1 {36} Nf7 {116} 23. Kg2 {223} Nd6 {274} 24. Nh4 {184} Qc7 {222} 25. Qe3
{470} c4 {270} 26. dxc4 {68} dxc4 {251} 27. Qc5 {245} e5 {260} 28. Rd1 {117}
Rd8 {13} 29. Rd2 {267} cxb3 {176} 30. axb3 {29} Qb6 {102} 31. Qc3 {524} Kh8 {6}
32. Qf3 {13} Nb5 {243} 33. Rxd8 {149} Qxd8 {6} 34. Qxc6 {112} Nd4 {22} 35. Qb7
{29} Qa8 {79} 36. Qxa8 {5} Rxa8 {2} 37. Rc1 {64} Rc8 {87} 38. Ra1 {22} Rc7 {9}
39. Ra6 {36} Kg7 {85} 40. b4 {30} Kf7 {28} 41. c4 {157} Nc6 {1141} 42. Ra4 {273
} Ke6 {305} 43. g4 {32} Ne7 {742} 44. Ra6+ Rc6 {99} 45. Rxc6+ {187} Nxc6 {3}
46. b5 {3} Nd4 {150} 47. Nf3 {497} Nb3 {46} 48. h6 {201} Nc5 {160} 49. Nh4 {73}
Ne4 {32} 50. Nf5 {37} Nc5 {30} 51. Kf3 {28} Nd3 {29} 52. Ne3 {69} Nc5 {19} 53.
Nd5 {23} f5 {31} 54. gxf5+ {44} Kxf5 {3} 55. Ne7+ {22} Ke6 {66} 56. Nc6 {34} a6
{11} 57. b6 {34} Nb7 {18} 58. Ke4 {21} Nc5+ {23} 59. Ke3 {4} Nb7 {5} 60. Ke4 {
55} Nc5+ {8} 61. Ke3 {14} Nb7 {3} 62. Kd3 {47} Kd6 {139} 63. Nb4 {18} Nc5+ {34}
64. Ke3 {48} a5 {19} 65. Nd5 {9} a4 {41} 66. Kd2 {32} Kc6 {30} 67. Nf6 {38}
Kxb6 {30} 68. Nxh7 {26} Ne4+ {11} 69. Kc2 {20} Ka5 {50} 70. f3 {36} Nd6 {27}
71. Ng5 {17} 1-0

[Event "Top 16 Groupe B"]
[Site "Chartres, France"]
[Date "2024.06.03"]
[Round "5.32"]
[White "Sebag, Marie"]
[Black "Alexieva, Silvia"]
[Result "1-0"]
[WhiteElo "2437"]
[BlackElo "2144"]
[PlyCount "65"]
[EventDate "2024.??.??"]

1. e4 {35} e5 {17} 2. Nf3 {10} Nf6 {29} 3. Nxe5 {175} d6 {31} 4. Nf3 {32} Nxe4
{13} 5. d4 {114} d5 {24} 6. Bd3 {26} Bd6 {51} 7. O-O {216} O-O {11} 8. c4 {319}
c6 {156} 9. Re1 {224} Bf5 {138} 10. Qb3 {264} Qd7 {172} 11. Nc3 {207} dxc4 {687
} 12. Bxc4 {32} Nxc3 {308} 13. bxc3 {77} b5 {660} 14. Bf1 {45} Na6 {450} 15.
Ba3 {1094} Rfe8 {719} 16. Ne5 {591} Bxe5 {31} 17. dxe5 {6} Be6 {459} 18. Qc2 {
165} Nc7 {132} 19. Rad1 {666} Nd5 {387} 20. Bd3 {25} g6 {135} 21. c4 {65} bxc4
{141} 22. Bxc4 {20} Qd8 {16} 23. Bb3 {658} Rc8 {102} 24. g3 {260} Bg4 {311} 25.
Rd4 {111} Qd7 {142} 26. Qd2 {205} Qf5 {154} 27. h3 {360} Bxh3 {312} 28. Qh6 {21
} Rxe5 {208} 29. Rxe5 {8} Qxe5 {4} 30. Qxh3 {4} Rd8 {186} 31. Rd1 {22} h5 {124}
32. Qh4 {39} Re8 {34} 33. Qd4 {13} 1-0

[Event "Top 16 Groupe B"]
[Site "Chartres, France"]
[Date "2024.06.04"]
[Round "6.1"]
[White "Gavrilescu, David"]
[Black "Ragger, Markus"]
[Result "1/2-1/2"]
[WhiteElo "2538"]
[BlackElo "2601"]
[PlyCount "25"]
[EventDate "2024.??.??"]

1. e4 {14} e5 {2} 2. Nf3 {27} Nc6 {3} 3. Nc3 {46} Nf6 {6} 4. h3 {35} d5 {37} 5.
exd5 {18} Nxd5 {3} 6. Bb5 {31} Nxc3 {11} 7. bxc3 {9} Bd6 {7} 8. O-O {33} O-O {
25} 9. Re1 {43} Qf6 {345} 10. d4 {65} exd4 {32} 11. cxd4 {10} h6 {733} 12. Rb1
{518} Bf5 {170} 13. Bf1 {247} 1/2-1/2

[Event "Top 16 Groupe B"]
[Site "Chartres, France"]
[Date "2024.06.04"]
[Round "6.2"]
[White "Naiditsch, Arkadij"]
[Black "Marin, Mihail"]
[Result "1/2-1/2"]
[WhiteElo "2661"]
[BlackElo "2456"]
[PlyCount "129"]
[EventDate "2024.??.??"]

1. e4 {5} c5 {8} 2. Nf3 {9} Nf6 {6} 3. e5 {38} Nd5 {5} 4. c3 {47} Nc6 {25} 5.
Bc4 {8} Nb6 {31} 6. Bb3 {7} d5 {207} 7. exd6 {61} Qxd6 {173} 8. Na3 {13} Be6 {
73} 9. O-O {406} Bxb3 {339} 10. axb3 {7} e6 {151} 11. d4 {236} cxd4 {17} 12.
Nb5 {45} Qd8 {225} 13. Nfxd4 {1162} Nxd4 {151} 14. Nxd4 {6} Be7 {568} 15. Qg4 {
530} O-O {182} 16. Rd1 {132} Qc8 {148} 17. Bh6 {162} Bf6 {361} 18. Nb5 {57} a6
{332} 19. Nd6 {100} Qc7 {207} 20. Bf4 {1084} Qc6 {264} 21. Bg3 {79} Rad8 {282}
22. Ne4 {572} Be7 {74} 23. Be5 {77} g6 {576} 24. Bf6 {209} Bxf6 {304} 25. Nxf6+
{3} Kg7 {34} 26. Nh5+ {24} Kg8 {30} 27. Nf6+ {374} Kg7 {39} 28. Qh4 {30} Rxd1+
{446} 29. Rxd1 {4} e5 {33} 30. Nxh7 {368} Rh8 {664} 31. Qf6+ {11} Kxh7 {146}
32. Qxf7+ {67} Kh6 {3} 33. Rd3 {61} Re8 {8} 34. Rh3+ {150} Kg5 {4} 35. Rg3+ {13
} Kh6 {5} 36. Rh3+ {8} Kg5 {4} 37. Rh7 {177} e4 {125} 38. h4+ {125} Kg4 {7} 39.
Rh6 {35} Re6 {33} 40. h5 {33} Kg5 {123} 41. Rxg6+ {466} Rxg6 {95} 42. hxg6 {7}
Qxg6 {25} 43. Qxb7 {9} Qe6 {345} 44. Qxa6 {75} e3 {286} 45. Qe2 {249} exf2+ {
135} 46. Kxf2 {4} Qxb3 {7} 47. Kg3 {33} Na4 {125} 48. Qe5+ {7} Kg6 {9} 49. Qd6+
{6} Kg5 {43} 50. Qd2+ {71} Kg6 {21} 51. Kh4 {20} Nxb2 {40} 52. g4 {8} Qb5 {181}
53. Qd8 {85} Kg7 {59} 54. Qe7+ {8} Kg6 {23} 55. Qd6+ {76} Kg7 {13} 56. Qe6 {8}
Nc4 {117} 57. g5 {25} Ne5 {52} 58. Qf6+ {3} Kg8 {139} 59. Qe6+ {70} Kg7 {180}
60. Qh6+ {23} Kf7 {91} 61. Qh7+ {56} Kf8 {66} 62. Qh8+ {14} Kf7 {7} 63. Qh7+ {5
} Kf8 {5} 64. Qh8+ {5} Kf7 {5} 65. Qh7+ {5} 1/2-1/2

[Event "Top 16 Groupe B"]
[Site "Chartres, France"]
[Date "2024.06.04"]
[Round "6.3"]
[White "Jianu, Vlad-Cristian"]
[Black "Rodshtein, Maxim"]
[Result "1/2-1/2"]
[WhiteElo "2482"]
[BlackElo "2593"]
[PlyCount "49"]
[EventDate "2024.??.??"]

1. d4 {2} Nf6 {11} 2. Nf3 {4} d5 {39} 3. g3 {17} c6 {107} 4. Bg2 {5} Bf5 {34}
5. c4 {8} e6 {5} 6. Nc3 {4} Nbd7 {81} 7. Qb3 {25} Qb6 {20} 8. c5 {13} Qxb3 {13}
9. axb3 {7} a6 {62} 10. b4 {24} Be7 {197} 11. h3 {95} h6 {161} 12. g4 {356} Be4
{845} 13. Bf4 {395} O-O {205} 14. O-O {237} Rfe8 {249} 15. Bh2 {524} Bxf3 {1264
} 16. Bxf3 {627} Nh7 {253} 17. Bg2 {637} Nhf8 {233} 18. e3 {573} Rac8 {195} 19.
Rad1 {165} Bd8 {246} 20. e4 {229} Bc7 {165} 21. Rfe1 {247} Bxh2+ {207} 22. Kxh2
{4} Nf6 {509} 23. e5 {107} N6d7 {5} 24. f4 {123} g5 {121} 25. Kg1 1/2-1/2

[Event "Top 16 Groupe B"]
[Site "Chartres, France"]
[Date "2024.06.04"]
[Round "6.4"]
[White "Fressinet, Laurent"]
[Black "Di Nicolantonio, Lucas"]
[Result "1-0"]
[WhiteElo "2633"]
[BlackElo "2406"]
[PlyCount "65"]
[EventDate "2024.??.??"]

1. Nf3 {2} d5 {32} 2. g3 {8} Nf6 {145} 3. Bg2 {20} e6 {14} 4. O-O {46} Be7 {36}
5. d4 {47} O-O {23} 6. c4 {42} c6 {114} 7. Qc2 {49} b6 {57} 8. b3 {31} Bb7 {73}
9. Rd1 {281} Nbd7 {157} 10. Bb2 {182} Rc8 {305} 11. Nc3 {36} Ba6 {430} 12. e4 {
76} dxc4 {71} 13. Nd2 {398} b5 {1025} 14. bxc4 {73} bxc4 {87} 15. Na4 {54} c5 {
608} 16. d5 {202} exd5 {196} 17. exd5 {61} Bd6 {409} 18. Nxc4 {293} Bxc4 {10}
19. Qxc4 {3} Be5 {367} 20. Rac1 {994} Bxb2 {205} 21. Nxb2 {76} Ne5 {572} 22.
Qc3 {603} Nfd7 {264} 23. d6 {295} Qf6 {559} 24. f4 {276} Ng4 {123} 25. Qxf6 {
187} Ngxf6 {74} 26. Nc4 {14} Rfe8 {83} 27. Rb1 {319} Re2 {99} 28. Rb7 {232}
Rxa2 {88} 29. Ne5 {100} Rd8 {27} 30. Bd5 {572} Nxd5 {17} 31. Rxd7 {13} Rxd7 {59
} 32. Nxd7 {4} Nb4 {30} 33. Ne5 {58} 1-0